000 00833nam a2200325Ia 4500
001 UByD000064
003 AR-LpoUNG
005 20211230225556.0
008 211201s1997||||ag |||||||||||||| ||spa|d
020 _a9509086347
040 _aAR-LpoUNG
_bspa
_cAR-LpoUNG
_eaacr
082 0 _a982.061 972jua
100 1 _aCĂșneo, Dardo
245 1 0 _aJuan B. Justo y las luchas sociales en la Argentina
260 _bSolar,
_aBuenos Aires :
_c1997.
300 _a467 p.
650 4 _aHISTORIA
650 4 _aARGENTINA
650 4 _aHISTORIA SOCIAL
650 4 _aHISTORIA POLITICA
650 4 _aHISTORIA NACIONAL
650 4 _aSOCIALISMO
650 4 _aPOLITICA
650 4 _aCONFLICTO SOCIAL
650 4 _aGUERRA
650 4 _aANALISIS HISTORICO
650 4 _aASPECTOS POLITICOS
905 _aCJPM485
942 _cLIB
_2ddc
999 _c62217
_d62217